[Event "AUTO-ADV-4936"]
[Site "http://www.queenalice.com/game.php?id=1873364"]
[Date "2026.5.13"]
[Round "1"]
[White "maurice916"]
[Black "EdsonEstevam"]
[Result "1-0"]
[WhiteElo "1866"]
[BlackElo "1765"]

1. Nf3 d6 2. d4 Bg4 3. b3 Bxf3 4. exf3 Nf6 5. Bb2 Nc6 6. Bb5 Qd7 7. d5 Nxd5 8.
Qxd5 e6 9. Qe4 d5 10. Qe2 Bd6 11. O-O O-O 12. Rd1 a6 13. Bd3 d4 14. g4 Qe7 15.
Qe4 g6 16. f4 Qh4 17. Qg2 Bxf4 18. Nd2 Ne5 19. Be2 Rad8 20. Nf3 Nxf3+ 21. Bxf3
c5 22. Bc1 Bc7 23. Bxb7 a5 24. f4 f6 25. Bd2 Kf7 26. Re1 e5 27. Bd5+ Kg7 28.
fxe5 Bxe5 29. Rf1 Rxd5 30. Bf4 f5 31. Qxd5 Qxg4+ 32. Bg3 Bxg3 33. hxg3 Qxg3+ 34.
Qg2 Qd6 35. Rae1 Kf7 36. Qh2 h5 37. Qxd6 1-0

[Event "AUTO-ADV-4936"]
[Site "http://www.queenalice.com/game.php?id=1873365"]
[Date "2026.5.13"]
[Round "1"]
[White "EdsonEstevam"]
[Black "maurice916"]
[Result "0-1"]
[WhiteElo "1771"]
[BlackElo "1895"]

1. e4 c6 2. d4 d5 3. Nc3 dxe4 4. Nxe4 Nf6 5. Nxf6+ exf6 6. Nf3 Bg4 7. Be2 Bd6 8.
h3 Bh5 9. g4 Bg6 10. h4 h6 11. Bd3 Bxd3 12. Qxd3 Qd7 13. Rg1 Na6 14. Bd2 O-O-O
15. Be3 Kb8 16. a3 Qc8 17. O-O-O Nc7 18. Qb3 Ka8 19. Qxf7 Rd7 20. Qb3 Nd5 21.
Rd3 Nxe3 22. fxe3 Be7 23. c4 Rhd8 24. c5 Qc7 25. Qc4 Bf8 26. b4 Re7 27. Kb2 Qc8
28. Kb3 Re4 29. a4 Rxg4 30. b5 Rxg1 31. Nxg1 cxb5 32. axb5 Qg4 33. b6 Qxg1 34.
c6 Qb1+ 35. Ka4 Qxb6 36. Rb3 Qxc6+ 37. Qxc6 bxc6 38. Rc3 Kb7 39. Ka5 Rd5+ 40.
Rc5 Bxc5 0-1

[Event "AUTO-OPEN-4652"]
[Site "http://www.queenalice.com/game.php?id=1873439"]
[Date "2026.5.15"]
[Round "1"]
[White "EdsonEstevam"]
[Black "game"]
[Result "1-0"]
[WhiteElo "1684"]
[BlackElo "1599"]

1. e4 c5 2. c4 d6 3. Nc3 Nc6 4. Nf3 e5 5. Be2 Nf6 6. O-O Nd4 7. d3 Be7 8. h3 h5
9. Bg5 b6 10. Qd2 a5 11. Nxd4 exd4 12. Nd5 Nxd5 13. exd5 Bxg5 14. f4 Bh6 15.
Rae1 Bf5 16. Bg4+ Kf8 17. Bxf5 Qc7 18. Qf2 a4 19. a3 g6 20. Be4 g5 21. fxg5 Bxg5
22. Bg6 f6 23. h4 Bh6 24. Qxf6+ Kg8 25. Qe6+ Kg7 26. Rf7+ 1-0

[Event "AUTO-OPEN-4652"]
[Site "http://www.queenalice.com/game.php?id=1873440"]
[Date "2026.5.15"]
[Round "1"]
[White "game"]
[Black "EdsonEstevam"]
[Result "1-0"]
[WhiteElo "1585"]
[BlackElo "1697"]

1. e4 e5 2. Nf3 Nc6 3. Nc3 Bb4 4. Bc4 Bxc3 5. dxc3 Nf6 6. Ng5 h6 7. Nxf7 Qe7 8.
Nxh8 d6 9. Ng6 Qd7 10. Nh8 Nd8 11. Qe2 b6 12. Be3 b5 13. Bxb5 c6 14. Bc4 Bb7 15.
O-O a5 16. Rad1 d5 17. exd5 cxd5 18. Bb5 Bc6 19. Bc4 g5 20. Bb3 Qg7 21. h4 Qxh8
22. f4 exf4 23. Bxf4+ Kf7 24. Be5 Qe8 25. Rxf6+ Ke7 26. Re1 Kd7 27. Qg4+ Ke7 28.
Bd6+ Kxf6 29. Rxe8 Bxe8 30. Qf3+ Ke6 31. Qxd5+ Kd7 32. Qxa8 Kxd6 33. Qxd8+ Bd7
34. Ba4 gxh4 35. Qxd7+ Ke5 36. c4 Kf4 37. c5 Kg3 38. Qh3+ Kf4 39. c6 Kg5 40. c7
Kh5 41. c8=Q Kg6 42. Qcf5+ Kg7 43. Qhg4+ Kh8 44. Qxh4 h5 45. Qf8+ Kh7 46. Qxh5#
1-0

[Event "Challenge"]
[Site "http://www.queenalice.com/game.php?id=1873487"]
[Date "2026.5.16"]
[Round "-"]
[White "jogo"]
[Black "EdsonEstevam"]
[Result "0-1"]
[WhiteElo "1336"]
[BlackElo "1717"]

1. e4 e5 2. d4 exd4 3. Qxd4 Nc6 4. Qe3 d6 5. a3 Nf6 6. h3 Be7 7. Nc3 O-O 8. Bd2
Re8 9. O-O-O h6 10. Nd5 Nxe4 0-1

[Event "AUTO-OPEN-4633"]
[Site "http://www.queenalice.com/game.php?id=1874202"]
[Date "2026.5.31"]
[Round "2"]
[White "EdsonEstevam"]
[Black "josebaron"]
[Result "0-1"]
[WhiteElo "1770"]
[BlackElo "2216"]

1. e4 e5 2. Nf3 Nc6 3. Bc4 Bc5 4. O-O Nf6 5. d3 O-O 6. Bg5 h6 7. Bh4 d6 8. h3
Be6 9. Bxe6 fxe6 10. Nc3 a5 11. a3 Nd4 12. Na4 Ba7 13. c3 Nxf3+ 14. Qxf3 b5 15.
b3 bxa4 16. bxa4 Rb8 17. Rab1 Rxb1 18. Rxb1 Qd7 19. Qd1 d5 20. Rb5 Bb6 21. Qa1
dxe4 22. dxe4 Nxe4 23. Qb2 Qd1+ 24. Kh2 Nxf2 25. Bxf2 Bxf2 26. Rxe5 Qg1# 0-1

[Event "AUTO-OPEN-4633"]
[Site "http://www.queenalice.com/game.php?id=1874203"]
[Date "2026.5.31"]
[Round "2"]
[White "josebaron"]
[Black "EdsonEstevam"]
[Result "1-0"]
[WhiteElo "2207"]
[BlackElo "1783"]

1. e4 e5 2. Nf3 Nc6 3. Bb5 Nge7 4. O-O a6 5. Bxc6 Nxc6 6. d3 Be7 7. Nc3 O-O 8.
Re1 d6 9. Nd5 h6 10. h3 Be6 11. c4 Re8 12. a4 Bxd5 13. cxd5 Nb4 14. a5 c5 15.
dxc6 Nxc6 16. Bd2 d5 17. exd5 Qxd5 18. Bc3 Bc5 19. Qa4 b5 20. axb6 Bxb6 21. Qc4
Qxc4 22. dxc4 e4 23. Nd2 f5 24. Nb3 a5 25. c5 Ba7 26. Nxa5 Rec8 27. Nxc6 Rxc6
28. b4 Bb8 29. Rxa8 Kf7 30. Rxb8 Kg6 31. Rb7 h5 32. Rxg7+ Kh6 33. Rd1 f4 34.
Rd6+ Rxd6 35. cxd6 1-0